000 00685nam a2200193 i 4500
001 23497
003 ES-MaACL
005 20230906152900.0
007 t|
008 021210s1897 sp ||||1| spa d
100 1 _aAlvarez de la Braña, Ramón.
_920759
245 1 0 _aCatálogos de la Biblioteca provincial de León /
_cpor Ramón Alvarez de la Braña.
250 _a2ª ed. corr. y aum.
260 _aLeón :
_b[s.n.],
_c1897.
300 _a2 v. ;
_c21 cm.
505 8 _aContiene: vol. I. Catálogo de autores y obras anónimas por orden alfatético ­ vol. II. Catálogo por orden de materias
710 2 _aBiblioteca Provincial (León)
_9154424
852 _aES-MaACL
_jB-2030-31
999 _c23497
_d23497